Visual display terminals : (Record no. 166026)

MARC details
000 -LEADER
fixed length control field 00932cam a2200265 i 4500
008 - FIXED-LENGTH DATA ELEMENTS--GENERAL INFORMATION
fixed length control field
020 ## - INTERNATIONAL STANDARD BOOK NUMBER
International Standard Book Number 0471277932 (hbk. )
049 ## - LOCAL HOLDINGS (OCLC)
Holding library MAIN
090 ## - LOCALLY ASSIGNED LC-TYPE CALL NUMBER (OCLC); LOCAL CALL NUMBER (RLIN)
Classification number (OCLC) (R) ; Classification number, CALL (RLIN) (NR) TK7882.I6 CAK
003 - CONTROL NUMBER IDENTIFIER
control field
005 - DATE AND TIME OF LATEST TRANSACTION
control field 20230123134437.0
040 ## - CATALOGING SOURCE
Transcribing agency NUST
100 1# - MAIN ENTRY--PERSONAL NAME
Personal name �Cakir, A.
245 10 - TITLE STATEMENT
Title Visual display terminals :
Remainder of title a manual covering ergonomics, workplace design, health and safety, task organization /
Statement of responsibility, etc. A. Cakir, D.J. Hart, T.F.M. Stewart.
260 ## - PUBLICATION, DISTRIBUTION, ETC.
Place of publication, distribution, etc. Chichester :
Name of publisher, distributor, etc. Wiley ,
Date of publication, distribution, etc. 1980.
300 ## - PHYSICAL DESCRIPTION
Extent xv, 253 p[54] p. :
Other physical details ill. ;
Dimensions 31 cm.
500 ## - GENERAL NOTE
General note "A Wiley-Interscience publication."
500 ## - GENERAL NOTE
General note Originally published by the Inca-Fiej Research Association, Darmstadt.
504 ## - BIBLIOGRAPHY, ETC. NOTE
Bibliography, etc. note Includes bibliographical references.
650 #0 - SUBJECT ADDED ENTRY--TOPICAL TERM
Topical term or geographic name entry element Video display terminals.
700 1# - ADDED ENTRY--PERSONAL NAME
Personal name Hart, D.J.
700 1# - ADDED ENTRY--PERSONAL NAME
Personal name Stewart, T.F.M.
907 ## - LOCAL DATA ELEMENT G, LDG (RLIN)
a .b10064072
b 03-05-13
c 17-04-03
942 ## - ADDED ENTRY ELEMENTS (KOHA)
Koha item type Ordinary Loan Books
Call number prefix TK7882.I6 CAK
Holdings
Date last seen Total Checkouts Full call number Barcode Cost, replacement price Price effective from Koha item type Lost status Source of classification or shelving scheme Damaged status Not for loan Collection Withdrawn status Home library Current library Shelving location Date acquired Cost, normal purchase price
01/23/2023 1 TK7882.I6 CAK 92003019521 80.00 01/23/2023 BOOKS   LCC     NFIC   MAIN MAIN GEN 01/23/2023 80.00